• 首页
  • 本馆介绍
  • 公告通知
  • 最新文献
  • 馆藏检索
  • 电子资源
  • 读者导购
  • 参考咨询
  • 我的图书馆
  • 登录
  • 详细信息显示
  • 放入我的书架
  • 预约/预借图书
  • 作者相关作品
  • 分类相关作品
  • 丛书相关作品
  • 出版社相关作品

书目信息

  • 表格格式
  • 工作单格式
  • 卡片格式
题名:
区域经济学
    
 
作者: 陶良虎 主编
分册:  
出版信息: 北京   国家行政学院出版社  2012.5
页数: 496页
开本: 23cm
丛书名:
单 册:
中图分类: F061.5
科图分类:
主题词: 区域经济学--Qu Yu Jing Ji Xue
电子资源:
ISBN: 978-7-5150-0303-0
000 00856nam0 22002531 450
001 349571
005 20161009083658.25
010    @a978-7-5150-0303-0@dCNY65.00
100    @a20141016d2012 em y0chiy50 ea
101 0  @achi
102    @aCN@b110000
105    @ay z 000yy
106    @ar
200 1  @a区域经济学@AQu Yu Jing Ji Xue@dRegional economics@f陶良虎主编@zeng
210    @a北京@c国家行政学院出版社@d2012.5
215    @a496页@d23cm
330    @a本书共分十六章,阐述了区域经济学基本问题、经济活动的区位、区域经济增长与发展、区际经济关系、区域经济空间组织、区域经济发展战略与区域管理等内容。
333    @a区域经济学研究人员
510 1  @aRegional economics@zeng
606 0  @a区域经济学@AQu Yu Jing Ji Xue
690    @aF061.5@v5
701  0 @a陶良虎@ATao Liang Hu@4主编
801  0 @aCN@bTANGWEI@20160730
905    @b0885680-4@dF061.5@e140@f5
    
    区域经济学=Regional economics/陶良虎主编.-北京:国家行政学院出版社,2012.5
    496页;23cm
    使用对象:区域经济学研究人员
    
    ISBN 978-7-5150-0303-0:CNY65.00
    本书共分十六章,阐述了区域经济学基本问题、经济活动的区位、区域经济增长与发展、区际经济关系、区域经济空间组织、区域经济发展战略与区域管理等内容。
●
相关链接 在E读中查询图书 在五车中查询图书 在当当中查询图书 在豆瓣中查询图书


正题名:区域经济学     索取号:F061.5/140         预约/预借

序号 登录号 条形码 馆藏地/架位号 状态 备注
1 0885680   208856807   第一样本阅览室/ [索取号:F061.5/140] 在馆    
2 0885681   208856816   第一借阅区/ [索取号:F061.5/140] 在馆    
3 0885682   208856825   第一借阅区/ [索取号:F061.5/140] 在馆    
4 0885683   208856834   密集书库-海洋学院/ [索取号:F061.5/140] 在馆    
5 0885684   208856843   第一借阅区/ [索取号:F061.5/140] 在馆    
唐山师范学院图书馆 欢迎您!
大连网信软件有限公司© 版权所有